| 000 | 00697cam a22002292a 4500 | ||
|---|---|---|---|
| 001 | 26840 | ||
| 003 | BD-RjUL | ||
| 005 | 20211209051056.0 | ||
| 008 | 140323s1970 ii b 001 0beng | ||
| 035 | _a(BD-RjUL)26911 | ||
| 040 |
_aDLC _cDLC _dBD-RjUL _beng |
||
| 041 | _aeng | ||
| 082 |
_a954.09 _bCHJ 1970 |
||
| 100 | 1 |
_aChhibber, V. N., _d1930- _982496 |
|
| 245 | 1 | 0 |
_aJawaharlal Nehru, a man of letters / _c[by] V. N. Chhibber. Foreword by V. K. R. V. Rao |
| 260 |
_aDelhi : _bVikas Pub. House, _c[1970] |
||
| 300 |
_axiv, 210 p. : _c23 cm . _bill. ; |
||
| 504 | _aBibliography: p. [195]-199 | ||
| 600 | 1 | 0 |
_aNehru, Jawaharlal, _d1889-1964. _982504 |
| 942 |
_2ddc _cBK |
||
| 999 |
_c26840 _d26840 |
||